000 01023nam a22002777a 4500
005 20100805141157.0
008 100412t xxu||||| |||| 00| 0 ur d
010 _aUR-7581
020 _c60.00
_a8183140319
035 _aU-6136
037 _bAl Hasanat Books
040 _adpl
_bur
082 _a200.954
100 _aرضی احمد کمال
_9616
245 _aہندوستانی مزاہب /
_cرضی احمد کمال
_b
246 _aHindustani Mazahib Ek Mutala /
_bby Razi Ahmad Kamil
260 _a دلّی
_bالحسنات بکس
_c2010
270 _a3004/2, Sir Syed Ahmad Road, Darya Ganj
_bNew Delhi
_e110002
_k2321845
_malhasanatbooks@rediffmail.com
300 _a104 ص
_b22 س م (pbk)
500 _a
600 _aکہا نی
_9966
600 _aStory
_9967
700 _96717
942 _2ddc
_cUR
_h200.954
_mر ض ی
999 _c39454
_d39454